| 000 | 00891cam a2200253 a 4500 | ||
|---|---|---|---|
| 001 | 000025741 | ||
| 005 | 20240406073830.0 | ||
| 008 | 760831s1983 sp 000 | spa d | ||
| 020 | _a843207859X | ||
| 040 |
_aDO-SdBNP _bspa _cBNPHU |
||
| 082 |
_a321.8 _bR449c |
||
| 100 | 1 |
_aRevel, Jean-François , _920797 |
|
| 245 | 1 | 0 |
_aCómo terminan las democracias / _cJean-François Revel ; con la colaboración de Branko Lazitch ; traducción del francés Mauro Armiño. |
| 260 |
_aBarcelona : _bPlaneta, _c1983. |
||
| 300 |
_a353 p. ; _c21 cm. |
||
| 490 | 1 | _aLa Sociedad Económica | |
| 500 | _aIncluye refencia bibliográficas y notas al pie de páginas | ||
| 500 | _aincluye índice onomástico | ||
| 650 | 0 |
_aDemocracia _9286 |
|
| 650 | 4 |
_aComunismo _92880 |
|
| 700 | 1 |
_aArmiño, Mauro, _etr. _913314 |
|
| 700 | 1 |
_aLazitch, Branko, _ecol. _952541 |
|
| 830 | 0 |
_aLa Sociedad Económica _952542 |
|
| 999 |
_c25233 _d25233 |
||